000 00559nam a2200193Ia 4500
003 LDD
008 181029s9999 xx 000 0 und d
020 _a415384788
_cP 18.99
040 _cLDD
100 _aWilknson, Paul
245 0 _aTerrorism Versus Democracy
_bThe Liberl State Response
_cPaul Wilknson
260 _aLondon
_bRoutledge
_c2006
300 _axvii, 254p
365 _bP 18.99
901 _a3498
_b20-11-2006
902 _a11477
_b27-12-2006
_cF
_dGBH
_e32
903 _aDiscount-10
_bReqst by : Nayak, Pandav (Prof.)
942 _2ddc
_cBK
999 _c76989
_d76989